Je čas ísť domov, chlapci

Bibliographic Details
Main Author: Domino, Zbigniew, 1929- (Author)
Format: Article
Language:Slovak
Subjects:

MARC

LEADER 00000nab a2200000 a 4500
001 vtls000358069
003 SK-MaSNL
005 20260302223635.0
008 150501c1989 xo 0 slo
015 |a SNBRB19rr/mm-uuuuu 
035 |a CL0358191 
040 |a SNKBUCL  |b slo  |c SNKBUCL  |e AACR2 
041 0 |a slo 
044 |a xo  |c SK 
080 |a 884-3  |2 1981 
100 1 |a Domino, Zbigniew,  |d 1929-  |4 aut  |9 406169 
245 1 0 |a Je čas ísť domov, chlapci  |c Zbigniew Domino ; Jaroslav Coplák 
500 |a V rubrike Próza-poézia-próza. Pozn. o románe. 
655 7 |a články z novín a časopisov  |2 snkbucl  |9 267496 
655 7 |a články z odboru literárna veda a krásna literatúra  |2 snkbucl  |9 770045 
655 7 |a poľské romány  |2 snkbucl  |9 70521 
655 7 |a úryvky  |2 snkbucl  |9 84604 
773 0 |t Ľud  |g Roč. 42, č. 157 (6. 7. 1989), s. 10 
850 |a Slovenská národná knižnica v Martine  |a MTA001 
852 |a SNK  |b KIS3GCP 
958 |a RK 
958 |a LX 
958 |a PL 
992 |a RBX 
999 |c 1521217  |d 1523147